Temperature effects on concrete : a symposium sponsored by ASTM Committee C-9 on Concrete and Concrete Aggregates, Kansas City, MO, 21 June 1983 /

Saved in:
Bibliographic Details
Corporate Authors: Symposium on Temperature Effects on Concrete Kansas City, Mo., American Society for Testing and Materials. Committee C-9 on Concrete and Concrete Aggregates. Kansas City, Mo.
Other Authors: Naik, Tarun R.
Format: Conference Proceeding Book
Language:English
Published: Philadelphia, Pa. : American Society for Testing and Materials, c1985.
Series:ASTM special technical publication ; 858
Subjects:
LEADER 01561cam a2200313 a 4500
001 c000223661
003 CARM
005 20060925102149.0
008 850307s1985 paua b 101 0 eng
019 1 |a 3789954  |5 LACONCORD2021 
020 |a 0803104359 
035 |a (OCoLC)11842652  |5 LACONCORD2021 
040 |a LC  |b eng  |c LC  |d NUN 
050 0 0 |a TA440  |b .T4 1985 
082 0 4 |a 620.1/361  |2 19 
111 2 |a Symposium on Temperature Effects on Concrete  |d (1983 :  |c Kansas City, Mo.) 
245 1 0 |a Temperature effects on concrete :  |b a symposium sponsored by ASTM Committee C-9 on Concrete and Concrete Aggregates, Kansas City, MO, 21 June 1983 /  |c Tarun R. Naik, editor. 
260 |a Philadelphia, Pa. :  |b American Society for Testing and Materials,  |c c1985. 
300 |a 184 p. :  |b ill. ;  |c 24 cm. 
440 0 |a ASTM special technical publication ;  |v 858 
500 |a Papers presented at the Symposium on Temperature Effects on Concrete, held in Kansas City, Missouri, on 21 June 1983. 
500 |a "ASTM publication code number (PCN) 04-858000-07." 
504 |a Includes bibliographical references and index. 
650 0 |a Concrete  |x Thermal properties  |v Congresses. 
700 1 |a Naik, Tarun R. 
710 2 |a American Society for Testing and Materials.  |b Committee C-9 on Concrete and Concrete Aggregates. Kansas City, Mo.) 
852 8 |b CARM  |h A2:AN03G0  |i C08317  |p 0314997  |f BK 
999 f f |i ed0a650f-ab53-54bd-9e4c-62dde9c7a0d9  |s 1a448f3b-960e-54ea-a1e1-96058db6f626 
952 f f |p Can circulate  |a CAVAL  |b CAVAL  |c CAVAL  |d CARM 1 Store  |e C08317  |f A2:AN03G0  |h Other scheme  |i book  |m 0314997